000 00568nam a2200217Ia 4500
008 101110s9999 xx 000 0 und d
041 _aMARATHI
082 _bSR24675
100 _aDeshmukha Mahadev S- aani Vibhute Somnath S.
245 _aSushamalaxi aarthashtra (FYBA)
260 _c2002
_bSheth prakashan, Mumbai
300 _a310
365 _b85
520 _aEconomics
546 _aMARATHI
630 _aSushamalaxi aarthashtra (FYBA)
650 _aEconomics
655 _aEconomics
730 _aSushamalaxi aarthashtra (FYBA)
942 _cBOOK
999 _c817341
_d817338